000 00398nam a2200193Ia 4500
001 11769
003 GE_BSU
008 181216s||||||||xx |||||||||||||| ||und||
040 _cGE_BSU
080 _a821.111-32
100 _aGraham,Winston
245 _aWarleggan
260 _aLondon
260 _bFontana Books
260 _c1969
300 _a346p.18cm.
653 _aWarleggan
942 _cBK
999 _c44948
_d44948